| 000 | 01521cam a2200361 a 4500 | ||
|---|---|---|---|
| 999 |
_c3995 _d3995 |
||
| 001 | 15005676 | ||
| 003 | Nust | ||
| 005 | 20170105101617.0 | ||
| 008 | 070913s2007 enk f 000 0 eng d | ||
| 010 | _a 2007532886 | ||
| 015 |
_aGBA704728 _2bnb |
||
| 016 | 7 |
_a013645708 _2Uk |
|
| 020 | _a978184684135 (pbk.) | ||
| 035 | _a(OCoLC)ocm78989359 | ||
| 040 |
_aUKM _cUKM _dBAKER _dYDXCP _dSUC _dIXA _dDLC |
||
| 042 |
_aukblcatcopy _alccopycat |
||
| 050 | 0 | 0 |
_aPE1408 _b.L357 2007 |
| 082 | 0 | 4 |
_a808.02 _bLEA |
| 100 | 1 | _aLeach, Heather. | |
| 245 | 1 | 0 |
_aEverything you need to know about creative writing : _b(but knowing isn't everything--) / _cHeather Leach and Robert Graham. |
| 260 |
_aLondon ; _aNew York : _bContinuum, _c2007. |
||
| 300 |
_a195 p. ; _c22 cm. |
||
| 650 | 0 |
_aEnglish language _xRhetoric _vHandbooks, manuals, etc. |
|
| 650 | 0 |
_aCreative writing _vHandbooks, manuals, etc. |
|
| 700 | 1 |
_aGraham, Robert, _d1955- |
|
| 856 | 4 | 2 |
_3Contributor biographical information _uhttp://www.loc.gov/catdir/enhancements/fy1116/2007532886-b.html |
| 856 | 4 | 1 |
_3Table of contents only _uhttp://www.loc.gov/catdir/enhancements/fy1116/2007532886-t.html |
| 856 | 4 | 2 |
_3Publisher description _uhttp://www.loc.gov/catdir/enhancements/fy1213/2007532886-d.html |
| 906 |
_a7 _bcbc _ccopycat _d2 _encip _f20 _gy-gencatlg |
||
| 942 |
_2ddc _cBK |
||